000
00278nam a22001337a 4500
008
170419b xxu||||| |||| 00| 0 eng d
020
_a
0721670180
041
_a
eng
080
_a
579
100
_a
11
101
_a
SHM
245
_a
VERTEBRATE BIOLOGY
_c
ORR
942
_2
udc
_c
BK
999
_c
11119
_d
11119